O stratenom panákovi

Bibliographic Details
Main Author: Hevier, Daniel, 1955- (Author)
Other Authors: Kolčáková, Běla, 1937- (gup)
Format: Article
Language:Slovak
Subjects:

MARC

LEADER 00000nab a2200000 a 4500
001 vtls000276839
003 SK-MaSNL
005 20260305001917.0
008 240311c1987 xo 0 slo
015 |a SNBRB19rr/mm-uuuuu 
035 |a CL0286957 
040 |a SNKBUCL  |b slo  |c SNKBUCL  |e AACR2 
041 0 |a slo 
044 |a xo  |c SK 
080 |a 885.4-3(087.5)  |2 1981 
100 1 |a Hevier, Daniel,  |d 1955-  |4 aut  |9 103400 
245 1 0 |a O stratenom panákovi  |c Daniel Hevier ; Běla Kolčáková 
650 0 7 |a rozprávky autorské  |2 snkbucl  |9 315429 
655 7 |a články z novín a časopisov  |2 snkbucl  |9 267496 
655 7 |a články z odboru literárna veda a krásna literatúra  |2 snkbucl  |9 770045 
700 1 |a Kolčáková, Běla,  |d 1937-  |4 gup  |9 13454 
773 0 |t Slniečko  |g Roč. 19, č. 9 (1987), s. /1/-4 
850 |a Slovenská národná knižnica v Martine  |a MTA001 
852 |a SNK  |b KIS3GCP 
958 |a RK 
958 |a LX 
992 |a RBX 
999 |c 3222321  |d 3224251